| 000 | 00721nam a2200217Ii 4500 | ||
|---|---|---|---|
| 003 | JO-AjNU | ||
| 008 | 230605s9999||||xx |||||||||||||| ||und|| | ||
| 017 | _a1997/14925 | ||
| 020 | _a9770-01-5540-3 | ||
| 040 |
_aJO-AjNU _bara _erda _cJO-AjNU |
||
| 041 | _aara | ||
| 050 | 1 | 4 | _aPJ7816.A437.A17 1998 |
| 100 | 3 |
_aالبرادعي، خالد محي الدين, _eauthor _919355 |
|
| 245 | 0 | 0 | _aأوراق من هذا العصر: شعر |
| 264 | 3 | 1 | _aالقاهرة: الهيئة المصرية العامة للكتاب، 1998 |
| 300 | _a366ص | ||
| 336 |
_atext _btxt _2rdacontent |
||
| 337 |
_aunmediated _bn _2rdamedia |
||
| 338 |
_avolume _bnc _2rdacarrier |
||
| 650 | 4 |
_aالشعر العربي- القرن 20 _919356 |
|
| 999 |
_aA6369 _c9937 _d9937 |
||